| 000 | 00560nam a2200193Ia 4500 | ||
|---|---|---|---|
| 005 | 20250508165944.0 | ||
| 008 | 008 250505s9999 xx 000 0 eng d | ||
| 037 | _aTheses | ||
| 040 |
_aFEDL _beng _cFEDL |
||
| 041 |
_aeng _2eng |
||
| 084 |
_a378.54, KAN/TH _qFEDL |
||
| 100 | _aKanchan | ||
| 245 | 0 | _aChanging perspective in higher education of India: Analyzing the discourse | |
| 260 | _c2017 | ||
| 300 | _a214p. | ||
| 546 | _aPh.D Thesis (Delhi University); C D Included | ||
| 942 |
_cTH _h378.54, KAN/TH |
||
| 999 |
_c1398407 _d1398407 |
||